| 000 | 00895nam a2200217Ia 4500 | ||
|---|---|---|---|
| 001 | 1288 | ||
| 003 | GE_BSU | ||
| 008 | 181216s||||||||xx |||||||||||||| ||und|| | ||
| 040 | _cGE_BSU | ||
| 080 | _a632(075.8) | ||
| 100 | _aჭკუასელი, გ. | ||
| 245 | _aმცენარეთა დაცვის ეკონომიკა და ორგანიზაცია. | ||
| 245 | _bსახელმძღვანელო უმაღლესი სას. სამ. სასწ. სტუდენტ. და კვალიფიკაციის ამაღლების ფაკ-ის მსმენელთათვის. | ||
| 260 | _aთბილისი | ||
| 260 | _bგანათლება | ||
| 260 | _c1987 | ||
| 300 | _a260 გვ. 20 სმ. | ||
| 541 | _h6 ლ. | ||
| 653 | _aმცენარეთა დაცვა. | ||
| 942 | _cBK | ||
| 999 |
_c35430 _d35430 |
||